| 000 | 01460nam a2200397 c 4500 | ||
|---|---|---|---|
| 001 | 17545 | ||
| 003 | ES-MaCES | ||
| 005 | 20180205141720.0 | ||
| 008 | 050516s2004 lu i000 | eng d | ||
| 020 | _a9289602732 | ||
| 035 | _aCES20050004600m | ||
| 040 |
_aES-MaCES _bspa _cES-MaCES |
||
| 245 | 0 | 0 |
_aEuropean perspectives on learning at work _b: the acquisition of work process knowledge _cMartin Fischer, Nicholas Boreham, Barry Nyhan (editors) |
| 260 |
_aLuxembourg _bOffice for Official Publications of the European Communities _a[Thessaloniki _bCEDEFOP] _c2004 |
||
| 300 |
_a400 p. _c25 cm |
||
| 490 | 1 |
_aCEDEFOP reference series _v56 |
|
| 504 | _aBibliografía | ||
| 541 | _cCompra | ||
| 650 | 4 |
_aadquisición de conocimientos _927454 |
|
| 650 | 4 |
_aexperiencia profesional _929012 |
|
| 650 | 4 |
_acalificación profesional _928319 |
|
| 650 | 4 |
_aempleabilidad _929674 |
|
| 650 | 4 |
_apolítica educativa _927373 |
|
| 650 | 4 |
_ainvestigación pedagógica _927400 |
|
| 650 | 4 |
_aEuropa _926940 |
|
| 650 | 4 |
_aestudio de casos _928846 |
|
| 653 | 1 | 0 | _aEducación |
| 700 | 1 |
_aFischer, Martin _eed. lit. _912146 |
|
| 700 | 1 |
_aBoreham, Nicholas _eed. lit. _98085 |
|
| 700 | 1 |
_aNyhan, Barry _eed. lit. _919798 |
|
| 710 | 2 |
_91909 _aCentro Europeo para el Desarrollo de la Formación Profesional _eed. |
|
| 830 | 0 |
_aCEDEFOP reference series _v56 _933758 |
|
| 902 | _aLIB Libro | ||
| 942 |
_2CES _cBK _h4.0. |
||
| 999 |
_c17545 _d17545 |
||